[Event "Oberliga NRW 1920"]
[Site "Germany"]
[Date "2019.12.15"]
[Round "4.8"]
[White "Pieper, Dawid"]
[Black "Patscha, Elias"]
[Result "1/2-1/2"]
[WhiteElo "2159"]
[BlackElo "2010"]
[PlyCount "42"]
[EventDate "2019.09.15"]
[EventType "team-tourn"]
[EventRounds "9"]
[EventCountry "GER"]
[SourceTitle "EXT 2022"]
[Source "ChessBase"]
[SourceDate "2021.10.06"]
[SourceVersion "1"]
[SourceVersionDate "2021.10.06"]
[SourceQuality "1"]
[WhiteTeam "Plettenberg"]
[BlackTeam "Wuppertal Bahn"]
[WhiteTeamCountry "GER"]
[BlackTeamCountry "GER"]

1. e4 d5 2. exd5 Qxd5 3. Nc3 Qd8 4. d4 Nf6 5. Bc4 a6 6. a4 Nc6 7. d5 Nb4 8. Bg5 Bf5 9. Bb3 h6 10. Bh4 Qd7 11. Nf3 Rd8 12. Bxf6 exf6 13. 0-0 Be7 14. Nh4 0-0 15. Nxf5 Qxf5 16. Qf3 Qxf3 17. gxf3 f5 18. Rfd1 Bf6 19. Na2 Nxa2 20. Bxa2 Rfe8 21. Re1 Kf8 1/2-1/2

[Event "Oberliga NRW 1920"]
[Site "Germany"]
[Date "2019.11.10"]
[Round "3.6"]
[White "Pieper, Dawid"]
[Black "Gruermann, Martin"]
[Result "1/2-1/2"]
[WhiteElo "2159"]
[BlackElo "2192"]
[PlyCount "41"]
[EventDate "2019.09.15"]
[EventType "team-tourn"]
[EventRounds "9"]
[EventCountry "GER"]
[SourceTitle "CBM 195 Extra"]
[Source "ChessBase"]
[SourceDate "2020.05.31"]
[SourceVersion "1"]
[SourceVersionDate "2020.05.31"]
[SourceQuality "1"]
[WhiteTeam "Plettenberg"]
[BlackTeam "Letmathe"]
[WhiteTeamCountry "GER"]
[BlackTeamCountry "GER"]

1. e4 Nf6 2. e5 Nd5 3. Nc3 Nxc3 4. dxc3 d6 5. Nf3 g6 6. Bf4 Bg7 7. Qd2 0-0 8. 0-0-0 Nc6 9. h3 dxe5 10. Qe1 Qe8 11. Nxe5 Nxe5 12. Bxe5 Bh6+ 13. Kb1 Qc6 14. Bd3 Be6 15. Qe4 Qxe4 16. Bxe4 c6 17. Rd3 Rfd8 18. Rhd1 Rxd3 19. Rxd3 Kf8 20. b3 Ke8 21. Bd4 1/2-1/2

[Event "Maastricht Limburg op 13th"]
[Site "Maastricht"]
[Date "2019.06.09"]
[Round "4"]
[White "Pieper, Dawid"]
[Black "Dambacher, Martijn"]
[Result "0-1"]
[WhiteElo "2175"]
[BlackElo "2511"]
[PlyCount "84"]
[EventDate "2019.06.07"]
[EventType "swiss"]
[EventRounds "7"]
[EventCountry "NED"]
[SourceTitle "CBM 190 Extra"]
[Source "ChessBase"]
[SourceDate "2019.07.15"]
[SourceVersion "1"]
[SourceVersionDate "2019.07.15"]
[SourceQuality "1"]

1. e4 c5 2. Nf3 d6 3. Bb5+ Nd7 4. d4 cxd4 5. Qxd4 a6 6. Bxd7+ Bxd7 7. Nc3 e5 8. Qd3 h6 9. Be3 Nf6 10. a4 Be6 11. a5 Be7 12. 0-0 Rc8 13. Rfd1 0-0 14. Bb6 Qd7 15. h3 Qc6 16. Nh2 Nd7 17. Be3 f5 18. f3 fxe4 19. Qxe4 Nf6 20. Qg6 Bf7 21. Qg3 Nh5 22. Qg4 Kh7 23. Ra4 Nf6 24. Qg3 Nh5 25. Qg4 d5 26. Qf5+ Bg6 27. Qxe5 Bf6 28. Qxd5 Bxc3 29. Qxc6 Rxc6 30. bxc3 Bxc2 31. Rda1 Bxa4 32. Rxa4 Rxc3 33. Ng4 Nf6 34. Bd4 Rc1+ 35. Kf2 Ne4+ 36. Ke3 Nc3 37. Ra3 Nb5 38. Rd3 Nxd4 39. Rxd4 Rc2 40. Rd7 Rxg2 41. Rxb7 Ra2 42. f4 Rxa5 0-1

[Event "NRW Class2 1819"]
[Site "Germany"]
[Date "2019.04.14"]
[Round "8.6"]
[White "Pieper, Dawid"]
[Black "Danielmeier, Ralf"]
[Result "1-0"]
[WhiteElo "2152"]
[BlackElo "1992"]
[PlyCount "51"]
[EventDate "2018.09.16"]
[EventType "team-tourn"]
[EventRounds "9"]
[EventCountry "GER"]
[SourceTitle "EXT 2022"]
[Source "ChessBase"]
[SourceDate "2021.10.06"]
[SourceVersion "1"]
[SourceVersionDate "2021.10.06"]
[SourceQuality "1"]
[WhiteTeam "Plettenberg"]
[BlackTeam "Bielefeld"]
[WhiteTeamCountry "GER"]
[BlackTeamCountry "GER"]

1. e4 d5 2. exd5 Qxd5 3. Nc3 Qa5 4. d4 Nf6 5. Bc4 Nc6 6. d5 Nb4 7. Bd2 Qc5 8. Bb5+ c6 9. Be3 Qd6 10. dxc6 bxc6 11. Qxd6 exd6 12. Ba4 Bd7 13. 0-0-0 Nbd5 14. Nxd5 Nxd5 15. Nf3 Nxe3 16. Rhe1 Kd8 17. Rxe3 Be7 18. h4 Rb8 19. Ne5 dxe5 20. Bxc6 Bxh4 21. Rxd7+ Kc8 22. Rc3 Bg5+ 23. Kb1 Rb6 24. Rxa7 Bd2 25. Rc4 Rb4 26. Rxb4 1-0

[Event "NRW Class2 1819"]
[Site "Germany"]
[Date "2018.10.14"]
[Round "2.7"]
[White "Darwisch, Khaled"]
[Black "Pieper, Dawid"]
[Result "1/2-1/2"]
[WhiteElo "2130"]
[BlackElo "2152"]
[PlyCount "44"]
[EventDate "2018.09.16"]
[EventType "team-tourn"]
[EventRounds "9"]
[EventCountry "GER"]
[SourceTitle "EXT 2022"]
[Source "ChessBase"]
[SourceDate "2021.10.06"]
[SourceVersion "1"]
[SourceVersionDate "2021.10.06"]
[SourceQuality "1"]
[WhiteTeam "Suedlohn"]
[BlackTeam "Plettenberg"]
[WhiteTeamCountry "GER"]
[BlackTeamCountry "GER"]

1. e4 e5 2. d3 Nf6 3. g3 d5 4. Nd2 Nc6 5. h3 dxe4 6. dxe4 Bc5 7. Bg2 0-0 8. Ngf3 a5 9. 0-0 Qe7 10. Qe2 b6 11. Nb3 Ba6 12. c4 Rad8 13. Bg5 h6 14. Bd2 a4 15. Nxc5 Qxc5 16. b3 b5 17. Be3 Qb4 18. Rfc1 bxc4 19. bxc4 Nxe4 20. Nh4 f5 21. Nxf5 Rxf5 22. Bxe4 Rf6 1/2-1/2

[Event "NRW Class2 1718"]
[Site "Germany"]
[Date "2018.04.08"]
[Round "8.5"]
[White "Pieper, Dawid"]
[Black "Georg, Felix"]
[Result "1/2-1/2"]
[WhiteElo "2147"]
[BlackElo "2009"]
[PlyCount "100"]
[EventDate "2017.09.17"]
[EventType "team-tourn"]
[EventRounds "9"]
[EventCountry "GER"]
[SourceTitle "EXT 2019"]
[Source "ChessBase"]
[SourceDate "2018.10.10"]
[SourceVersion "1"]
[SourceVersionDate "2018.10.10"]
[SourceQuality "1"]
[WhiteTeam "Plettenberg"]
[BlackTeam "Kamen"]
[WhiteTeamCountry "GER"]
[BlackTeamCountry "GER"]

1. e4 c5 2. Nf3 e6 3. d3 Nc6 4. g3 Nf6 5. Bg2 d5 6. Qe2 Be7 7. 0-0 h6 8. e5 Nd7 9. c4 d4 10. h4 g5 11. h5 g4 12. Nh2 Ndxe5 13. Bf4 Bf6 14. Nd2 Nf3+ 15. Nhxf3 gxf3 16. Nxf3 Qe7 17. Ne5 Nxe5 18. Bxe5 Rg8 19. Rfe1 Bxe5 20. Qxe5 Rg5 21. Qh8+ Qf8 22. Qf6 Rxh5 23. f4 Qe7 24. Qh8+ Qf8 25. Qh7 Kd8 26. Kf2 Rf5 27. Rh1 Rf6 28. Rh5 Bd7 29. Rah1 Kc7 30. Rxh6 Rxh6 31. Rxh6 Re8 32. Rf6 Re7 33. Qe4 Bc6 34. Qe5+ Kb6 35. Bxc6 bxc6 36. b4 Rd7 37. f5 Qd6 38. bxc5+ Qxc5 39. Qxc5+ Kxc5 40. fxe6 fxe6 41. Rxe6 Rf7+ 42. Ke2 Kb4 43. g4 c5 44. g5 Rf5 45. g6 Kc3 46. g7 Rg5 47. Re7 a6 48. Rb7 Kc2 49. Re7 Kc3 50. Rb7 Kc2 1/2-1/2

[Event "Oberliga NRW 1516"]
[Site "Germany"]
[Date "2016.02.14"]
[Round "6.6"]
[White "Huhndorf, Arnold"]
[Black "Pieper, Dawid"]
[Result "1/2-1/2"]
[WhiteElo "2220"]
[BlackElo "2165"]
[PlyCount "61"]
[EventDate "2015.09.27"]
[EventType "team-tourn"]
[EventRounds "9"]
[EventCountry "GER"]
[SourceTitle "EXT 2017"]
[Source "ChessBase"]
[SourceDate "2016.10.25"]
[SourceVersion "1"]
[SourceVersionDate "2016.10.25"]
[SourceQuality "1"]
[WhiteTeam "Wuerselen"]
[BlackTeam "Plettenberg"]
[WhiteTeamCountry "GER"]
[BlackTeamCountry "GER"]

1. d4 e6 2. c4 f5 3. Nf3 Nf6 4. g3 d6 5. Bg2 Be7 6. 0-0 0-0 7. b4 a5 8. b5 Ne4 9. Bb2 a4 10. Nfd2 d5 11. Nxe4 dxe4 12. e3 Bf6 13. Nd2 c5 14. bxc6 Nxc6 15. Rb1 Re8 16. f3 Nxd4 17. Nxe4 fxe4 18. exd4 e3 19. Re1 Qc7 20. Qd3 Bd7 21. Rxe3 Rac8 22. Bf1 Red8 23. Qe2 Kh8 24. Bh3 Bc6 25. Rd1 Bg5 26. Rxe6 Bd7 27. d5 Bxe6 28. Bxe6 Qe7 29. Kg2 Bf6 30. Rb1 h6 31. Qc2 1/2-1/2

[Event "Oberliga NRW 1516"]
[Site "Germany"]
[Date "2015.09.27"]
[Round "1.6"]
[White "Pieper, Dawid"]
[Black "Gruermann, Martin"]
[Result "0-1"]
[WhiteElo "2165"]
[BlackElo "2128"]
[PlyCount "80"]
[EventDate "2015.09.27"]
[EventType "team-tourn"]
[EventRounds "9"]
[EventCountry "GER"]
[SourceTitle "EXT 2017"]
[Source "ChessBase"]
[SourceDate "2016.10.25"]
[SourceVersion "1"]
[SourceVersionDate "2016.10.25"]
[SourceQuality "1"]
[WhiteTeam "Plettenberg"]
[BlackTeam "Letmathe"]
[WhiteTeamCountry "GER"]
[BlackTeamCountry "GER"]

1. e4 Nf6 2. e5 Nd5 3. Nc3 Nxc3 4. bxc3 d6 5. f4 g6 6. d4 Bg7 7. Nf3 0-0 8. Bd3 c5 9. 0-0 dxe5 10. dxe5 Nc6 11. Be3 b6 12. Qe1 Qc7 13. Qh4 Bf5 14. Bxf5 gxf5 15. Qh5 e6 16. g4 fxg4 17. Ng5 h6 18. Ne4 f5 19. exf6 Bxf6 20. Qxh6 Qg7 21. Qxg7+ Kxg7 22. Rad1 Rad8 23. Kg2 Ne7 24. Nf2 Bxc3 25. Nxg4 Nd5 26. Bc1 Nb4 27. f5 Rxd1 28. Rxd1 Rxf5 29. Rd7+ Rf7 30. Bh6+ Kg6 31. Rd6 Nxc2 32. Bd2 Bd4 33. h3 Re7 34. Kf3 Na3 35. Rd8 Nc4 36. Bf4 e5 37. Bc1 e4+ 38. Kf4 e3 39. Rd5 e2 40. Rg5+ Kf7 0-1

[Event "Oberliga NRW 1415"]
[Site "Germany"]
[Date "2015.01.11"]
[Round "5.6"]
[White "Pieper, Dawid"]
[Black "Duijker, Rick"]
[Result "1-0"]
[WhiteElo "2134"]
[BlackElo "2252"]
[PlyCount "82"]
[EventDate "2014.09.14"]
[EventType "team-tourn"]
[EventRounds "9"]
[EventCountry "GER"]
[SourceTitle "EXT 2017"]
[Source "ChessBase"]
[SourceDate "2016.10.25"]
[SourceVersion "1"]
[SourceVersionDate "2016.10.25"]
[SourceQuality "1"]
[WhiteTeam "Plettenberg"]
[BlackTeam "Duesseldorf"]
[WhiteTeamCountry "GER"]
[BlackTeamCountry "GER"]

1. e4 e6 2. d3 c5 3. Nf3 Nc6 4. g3 Nge7 5. Bg2 d5 6. Qe2 g6 7. 0-0 Bg7 8. e5 Bd7 9. c3 Qc7 10. Re1 0-0-0 11. Na3 a6 12. Nc2 Kb8 13. Bf4 h6 14. h4 Rdg8 15. b4 cxb4 16. cxb4 g5 17. hxg5 Ng6 18. Be3 Ncxe5 19. Ncd4 Nxf3+ 20. Qxf3 Ne5 21. Qe2 hxg5 22. Rac1 Qd8 23. Nb3 Nc6 24. Nc5 Bf8 25. d4 Nxb4 26. Rb1 Bb5 27. Qd2 Bxc5 28. dxc5 Nc6 29. a4 Bxa4 30. Rb6 Bb5 31. Rb1 Kc8 32. Qa2 Qc7 33. Bf1 Bxf1 34. Rxb7 Qe5 35. Qa4 Bb5 36. R1xb5 axb5 37. Qa8+ Nb8 38. Rxf7 Rh1+ 39. Kxh1 Qe4+ 40. Kg1 Qb1+ 41. Kg2 Qg6 1-0

[Event "Oberliga NRW 1415"]
[Site "Germany"]
[Date "2014.10.05"]
[Round "2.7"]
[White "Pieper, Dawid"]
[Black "Bus, Tom"]
[Result "1/2-1/2"]
[WhiteElo "2134"]
[BlackElo "2105"]
[PlyCount "131"]
[EventDate "2014.09.14"]
[EventType "team-tourn"]
[EventRounds "9"]
[EventCountry "GER"]
[SourceTitle "EXT 2017"]
[Source "ChessBase"]
[SourceDate "2016.10.25"]
[SourceVersion "1"]
[SourceVersionDate "2016.10.25"]
[SourceQuality "1"]
[WhiteTeam "Plettenberg"]
[BlackTeam "Muelheim Nord II"]
[WhiteTeamCountry "GER"]
[BlackTeamCountry "GER"]

1. e4 c5 2. Nf3 Nc6 3. Bb5 d6 4. 0-0 Bd7 5. c3 a6 6. Bxc6 Bxc6 7. Re1 Nf6 8. d4 e6 9. d5 Bd7 10. a4 Be7 11. c4 e5 12. Nc3 Qc7 13. Rb1 0-0 14. Nd2 Rab8 15. b4 cxb4 16. Rxb4 Ng4 17. Qe2 Bh4 18. g3 Bg5 19. h3 Nxf2 20. Qxf2 Bxh3 21. Nf3 Bxc1 22. Rxc1 Bg4 23. Nh4 g6 24. Nd1 Bxd1 25. Rxd1 a5 26. Rb2 f5 27. exf5 Qxc4 28. f6 Qxa4 29. Rbd2 Rf7 30. Rf1 Rbf8 31. Qb6 Qa3 32. Kg2 Qc3 33. Rdf2 Qa3 34. Rf3 Qa2+ 35. R3f2 Qxd5+ 36. Kh2 a4 37. Ng2 Qe6 38. Ne3 Rxf6 39. Rxf6 Rxf6 40. Qd8+ Kg7 41. Rxf6 Qxf6 42. Qd7+ Kg8 43. Ng4 Qf8 44. Qxa4 h5 45. Ne3 Qf2+ 46. Ng2 Qf7 47. Kg1 Kg7 48. Qb4 Qc7 49. Kh2 Qc6 50. Qh4 Qd7 51. Qe4 Qc6 52. Qh4 Kf7 53. Qg5 Qe4 54. Qd8 Qc6 55. Qh8 Qe4 56. Qd8 Qc6 57. Qh8 b5 58. Qh7+ Kf6 59. Qh8+ Kf7 60. Qh7+ Kf8 61. Nh4 Qc2+ 62. Kh3 Ke8 63. Nxg6 Qf5+ 64. Kg2 Qc2+ 65. Kh3 Qf5+ 66. Kg2 1/2-1/2

[Event "NRW Class2 1314"]
[Site "Germany"]
[Date "2014.02.02"]
[Round "6.4"]
[White "Trzaska, Peter"]
[Black "Pieper, Dawid"]
[Result "1-0"]
[WhiteElo "2069"]
[BlackElo "2162"]
[PlyCount "39"]
[EventDate "2013.09.15"]
[EventType "team-tourn"]
[EventRounds "9"]
[EventCountry "GER"]
[SourceTitle "EXT 2015"]
[Source "ChessBase"]
[SourceDate "2014.11.20"]
[SourceVersion "1"]
[SourceVersionDate "2014.11.20"]
[SourceQuality "1"]
[WhiteTeam "Herne Sodingen"]
[BlackTeam "Plettenberg"]
[WhiteTeamCountry "GER"]
[BlackTeamCountry "GER"]

1. Nf3 f5 2. b3 Nf6 3. Bb2 e6 4. g3 Be7 5. Bg2 0-0 6. 0-0 d6 7. d4 Ne4 8. Nbd2 Nd7 9. Nxe4 fxe4 10. Nd2 d5 11. f4 Bf6 12. c4 c5 13. f5 Bxd4+ 14. Bxd4 cxd4 15. fxe6 Nf6 16. cxd5 Nxd5 17. Rxf8+ Qxf8 18. Nxe4 Ne3 19. Qxd4 Nxg2 20. Rf1 1-0

[Event "NRW Class2 1314"]
[Site "Germany"]
[Date "2014.01.12"]
[Round "5.4"]
[White "Pieper, Dawid"]
[Black "Sundorf, Jannik"]
[Result "1/2-1/2"]
[WhiteElo "2162"]
[BlackElo "2120"]
[PlyCount "39"]
[EventDate "2013.09.15"]
[EventType "team-tourn"]
[EventRounds "9"]
[EventCountry "GER"]
[SourceTitle "EXT 2015"]
[Source "ChessBase"]
[SourceDate "2014.11.20"]
[SourceVersion "1"]
[SourceVersionDate "2014.11.20"]
[SourceQuality "1"]
[WhiteTeam "Plettenberg"]
[BlackTeam "Dortmund Hansa II"]
[WhiteTeamCountry "GER"]
[BlackTeamCountry "GER"]

1. e4 c5 2. Nf3 g6 3. d4 cxd4 4. Qxd4 Nf6 5. e5 Nc6 6. Qa4 Nd5 7. Qe4 Nb6 8. Nc3 d5 9. exd6 Bf5 10. Qe2 Qxd6 11. Nb5 Qb8 12. Nbd4 Bg7 13. Nxf5 gxf5 14. g3 0-0 15. Bh3 e6 16. 0-0 Qc7 17. c3 Nd5 18. Re1 Rad8 19. Bg5 Nf6 20. Rad1 1/2-1/2

[Event "Cologne Longerich op 09th"]
[Site "Cologne"]
[Date "2012.08.05"]
[Round "4"]
[White "Harff, Marcel"]
[Black "Pieper, Dawid"]
[Result "1/2-1/2"]
[WhiteElo "2205"]
[BlackElo "2124"]
[PlyCount "41"]
[EventDate "2012.08.03"]
[EventType "tourn"]
[EventRounds "5"]
[EventCountry "GER"]
[SourceTitle "EXT 2017"]
[Source "ChessBase"]
[SourceDate "2016.10.25"]
[SourceVersion "1"]
[SourceVersionDate "2016.10.25"]
[SourceQuality "1"]

1. Nf3 f5 2. g3 Nf6 3. Bg2 e6 4. 0-0 Be7 5. c4 0-0 6. Nc3 d6 7. d4 Ne4 8. Qc2 Nxc3 9. Qxc3 a5 10. Qd3 Nc6 11. a3 e5 12. dxe5 dxe5 13. Qd5+ Kh8 14. Rd1 Be6 15. Qxd8 Raxd8 16. Bg5 Bxg5 17. Nxg5 Bxc4 18. Rxd8 Rxd8 19. Rc1 Bg8 20. Bxc6 bxc6 21. Nf3 1/2-1/2

[Event "Staufer op 24th"]
[Site "Schwaebisch Gmuend"]
[Date "2012.01.05"]
[Round "7"]
[White "Jurek, Josef"]
[Black "Pieper, Dawid"]
[Result "1-0"]
[WhiteElo "2350"]
[BlackElo "2204"]
[PlyCount "83"]
[EventDate "2012.01.02"]
[EventType "swiss"]
[EventRounds "9"]
[EventCountry "GER"]
[SourceTitle "CBM 146 Extra"]
[Source "ChessBase"]
[SourceDate "2012.02.29"]
[SourceVersion "1"]
[SourceVersionDate "2012.02.29"]
[SourceQuality "1"]

1. Nf3 f5 2. g3 Nf6 3. Bg2 e6 4. 0-0 Be7 5. c4 d6 6. Nc3 0-0 7. d3 e5 8. c5 Nc6 9. cxd6 cxd6 10. e4 Qe8 11. h3 h6 12. Be3 Be6 13. Re1 Qd7 14. exf5 Bxf5 15. g4 Be6 16. d4 e4 17. d5 Nxd5 18. Nxd5 exf3 19. Nxe7+ Qxe7 20. Bxf3 Ne5 21. Bg2 Qf6 22. f4 Nc6 23. b4 Bf7 24. b5 Nd8 25. f5 Re8 26. Qd2 Rc8 27. Bxa7 Kh7 28. a4 d5 29. Bd4 Qh4 30. a5 Rc4 31. Bf2 Qf6 32. a6 bxa6 33. bxa6 Nc6 34. a7 Ra8 35. Ra6 Qd8 36. Rc1 Qc8 37. Raa1 Ne5 38. Rxc4 Qxc4 39. Rc1 Qb5 40. Rc7 Qb1+ 41. Kh2 Nc4 42. Qd4 1-0